|
|
|
|
| LEADER |
00000cam a2200000 7i4500 |
| 001 |
0000056008 |
| 005 |
20151222.0 |
| 008 |
151202 |
| 020 |
|
|
|a 9838230782 (siri)
|
| 020 |
|
|
|a 9838230847
|
| 090 |
0 |
0 |
|a BIO
|b MAL
|
| 100 |
1 |
|
|a Yusman Ayob
|
| 245 |
1 |
0 |
|a Isaac Newton
|c Yusman Ayob
|
| 260 |
|
|
|a Selangor :
|b Penerbit Prisma ,
|c 1993
|
| 490 |
1 |
|
|a Siri perintis zaman
|
| 500 |
|
|
|a Children ages 7-9 years old (orange)
|
| 650 |
|
0 |
|a Biography
|x Fiction
|
| 999 |
|
|
|a 0000514119
|b Book
|c Children Collection
|e Cawangan Pontian
|
| 999 |
|
|
|a 0000797939
|b Book
|c Children Collection
|e Cawangan Segamat
|
| 999 |
|
|
|a 0000799847
|b Book
|c Children Collection
|e Cawangan Pontian
|